| 000 | 00457nam a22001337a 4500 | ||
|---|---|---|---|
| 008 | 151106b xxu||||| |||| 00| 0 eng d | ||
| 050 | _aPQ556.F58 1972 | ||
| 110 |
_aFletcher, John _eeditor _921001 |
||
| 245 |
_aForces in modern French drama _c/edited by John Fletcher |
||
| 260 |
_aLondon _bUniversity of London Press _c1972 |
||
| 300 |
_a222p. ; _c24cm. |
||
| 650 |
_aFrench drama _xHistory and criticism _y20th century _921002 |
||
| 942 |
_2lcc _cMONOGRAPH |
||
| 999 |
_c123764 _d123764 |
||